"All" Supermassive Games Character - Statistics

General Stats
  • This quiz has been taken 232 times
  • The average score is 54 of 88
Answer Stats
Answer % Correct
Chris
95%
Chris
95%
Jessica
93%
Emily
91%
Emma
91%
Matt
91%
Ashley
90%
Jacob
90%
Ryan
90%
Josh
89%
Mike
89%
Nick
89%
Beth
88%
Nick
88%
Sam
88%
Abigail
87%
Hannah
87%
Dylan
84%
Max
84%
Laura
83%
Kaitlyn
81%
Conrad
77%
Travis
75%
Fire guy
74%
Fliss
74%
Julia
74%
Kate
74%
Brad
73%
Charlie
72%
Charlie
72%
Rachel
72%
Bobby
71%
Dr. Hill
71%
John
71%
Taylor
71%
Alex
69%
Erin
69%
Andrew
67%
Danny
67%
Eric
67%
Joe
67%
Salim
67%
Jason
66%
Constance
65%
Jamie
65%
Mark
64%
Silas
64%
Angela
63%
Eliza
63%
Caleb
61%
Daniel
60%
Kaylee
60%
Marie
58%
Mary
58%
Jedediah
57%
Junior
55%
Clarice
53%
Du'Met
53%
Olson
53%
Merwin
51%
Anthony
50%
Joey
50%
Dar
49%
Megan
48%
Jeff
43%
Tabitha
43%
Tanya
43%
Rev. Carver
42%
Amy
41%
Calvary
41%
H.H.Holmes
41%
Balathu
40%
Dennis
40%
Joseph
40%
Kurum
40%
David
38%
James
38%
Anne
36%
Vince
36%
Abraham
35%
Becky
24%
Finn
20%
Felicity
18%
Tom
18%
Sgt. Riggs
15%
Hillary
14%
Karl
14%
Vanstone
12%
No matching quizzes found
Score Distribution
Percent of People with Each Score
Percentile by Number Answered
Your Score History
You have not taken this quiz